[Event "SC Doppelbauer Brambauer 1 - SG Gladbec"]
[Site "Verbandsliga, Gruppe 2 2017/2"]
[Date "2017.10.08"]
[Round "2.8"]
[White "Wirthmann, Stefan"]
[Black "Wenzel, Martin"]
[Result "0-1"]
[WhiteElo "1748"]
[BlackElo "1944"]
[PlyCount "38"]
[EventDate "2017.??.??"]

1. e4 Nf6 2. Nc3 e5 3. f4 d5 4. fxe5 Nxe4 5. Nf3 Bg4 6. d3 Nxc3 7. bxc3 c5 8.
d4 Nc6 9. Be2 cxd4 10. O-O dxc3 11. Ng5 Bxe2 12. Qxe2 Bc5+ 13. Kh1 O-O 14. Qh5
h6 15. Nxf7 Qe8 16. Bxh6 Rxf7 17. Qg5 Rxf1+ 18. Rxf1 Qxe5 19. Qg6 Rf8 0-1

[Event "SF Buer 1 - SV Hamm 2"]
[Site "Verbandsklasse, Gruppe 1 2017"]
[Date "2017.10.08"]
[Round "2.1"]
[White "Woertler, Lars-Erik"]
[Black "Große-Frintrop, Gerd"]
[Result "0-1"]
[WhiteElo "1843"]
[BlackElo "1962"]
[PlyCount "74"]
[EventDate "2017.??.??"]

1. d4 f5 2. g3 g6 3. Bg2 Nf6 4. Nf3 Bg7 5. O-O d6 6. c4 O-O 7. Nc3 e6 8. Qc2
Nc6 9. Rd1 Qe7 10. d5 Nb4 11. Qb3 Na6 12. Ng5 e5 13. Qc2 h6 14. Ne6 Bxe6 15.
dxe6 c6 16. e4 Qxe6 17. exf5 gxf5 18. Bh3 Ne8 19. Qe2 Qg6 20. Bd2 Nc5 21. b4
Ne6 22. f3 Nd4 23. Qd3 Qh5 24. Bg2 Nc7 25. Rf1 Nce6 26. Rae1 a5 27. b5 Nc5 28.
Qb1 Qf7 29. bxc6 bxc6 30. f4 e4 31. g4 Qxc4 32. gxf5 Rab8 33. Qd1 d5 34. Qg4
Nxf5 35. Nb1 Rxb1 36. Rxb1 Qd4+ 37. Kh1 Qxd2 0-1

[Event "SF Buer 1 - SV Hamm 2"]
[Site "Verbandsklasse, Gruppe 1 2017"]
[Date "2017.10.08"]
[Round "2.2"]
[White "Renk, Christoph"]
[Black "Fluegel, Thomas"]
[Result "1/2-1/2"]
[WhiteElo "1975"]
[BlackElo "1785"]
[Annotator "Daniel"]
[PlyCount "79"]
[EventDate "2017.??.??"]

1. Nf3 g6 2. d4 Nf6 3. c4 c5 4. g3 Bg7 5. Bg2 O-O 6. Nc3 cxd4 7. Nxd4 Nc6 8.
Nc2 d6 9. O-O Be6 10. Nd5 Qd7 11. Bg5 Ne8 12. Qd2 f6 13. Be3 Bh3 14. Bxh3 Qxh3
15. Nf4 Qd7 16. Qd5+ Kh8 17. Ne6 Rg8 18. Nxg7 Nxg7 19. Rfd1 Nf5 20. Bd2 Rgd8
21. e4 Ng7 22. f4 h5 23. Bc3 Qg4 24. Ne3 Qh3 25. Qd2 h4 26. Qg2 Qxg2+ 27. Kxg2
Nh5 28. Kf3 hxg3 29. hxg3 Kg8 30. g4 Ng7 31. Rd5 Kf7 32. Rh1 Rh8 33. Rxh8 Rxh8
34. g5 Rh3+ $11 35. Kf2 Nh5 36. Ng2 Rh2 37. Bd2 Rh1 38. Bc3 Rh2 39. Bd2 Rh1 40.
Bc3 1/2-1/2

[Event "SF Buer 1 - SV Hamm 2"]
[Site "Verbandsklasse, Gruppe 1 2017"]
[Date "2017.10.08"]
[Round "2.3"]
[White "Sewarte, Jochen"]
[Black "Wilbert, Siegfried"]
[Result "0-1"]
[WhiteElo "1744"]
[BlackElo "1992"]
[PlyCount "70"]
[EventDate "2017.??.??"]

1. e4 c5 2. Nf3 d6 3. c3 Nf6 4. e5 dxe5 5. Nxe5 Nbd7 6. Bb5 e6 7. d4 cxd4 8.
Qxd4 a6 9. Nxd7 Nxd7 10. Ba4 b5 11. Bc2 Bb7 12. O-O Nf6 13. Qh4 Qd5 14. Qh3 Rd8
15. Be3 Bc5 16. Bb3 Qc6 17. Bxc5 Qxc5 18. Na3 O-O 19. Rad1 e5 20. Nc2 Nd5 21.
Qf5 Qc7 22. Nb4 Nf4 23. f3 a5 24. Nc2 a4 25. Bxf7+ Rxf7 26. Rxd8+ Qxd8 27. Qxe5
Qd2 28. Rf2 Qd1+ 29. Ne1 Nd3 30. Qe8+ Rf8 31. Qe6+ Kh8 32. Re2 Nf4 33. Qe7
Nxe2+ 34. Kf2 Rb8 35. Qc7 Qd8 0-1

[Event "SF Buer 1 - SV Hamm 2"]
[Site "Verbandsklasse, Gruppe 1 2017"]
[Date "2017.10.08"]
[Round "2.4"]
[White "Schorra, Helmut"]
[Black "Alakbarov, Aleksey"]
[Result "1-0"]
[WhiteElo "2047"]
[BlackElo "1836"]
[PlyCount "68"]
[EventDate "2017.??.??"]

1. d4 d5 2. c4 e6 3. Nc3 Nf6 4. Bg5 Be7 5. e3 h6 6. Bh4 Nc6 7. Nf3 a6 8. Rc1
O-O 9. cxd5 Nxd5 10. Bxe7 Qxe7 11. Bd3 Rd8 12. O-O Nxc3 13. Rxc3 e5 14. Nxe5
Nxe5 15. dxe5 Qxe5 16. Bh7+ Kxh7 17. Qxd8 c6 18. f3 Rb8 19. Qd3+ Bf5 20. e4 Bg6
21. Rd1 Re8 22. Qd4 Qe6 23. Qd7 Re7 24. Qxe6 fxe6 25. Rcd3 Be8 26. Rd8 Kg6 27.
b4 Kf6 28. Kf2 g5 29. Ke3 Ke5 30. g3 Kf6 31. R1d6 Kf7 32. Kd4 Kf6 33. f4 Bh5
34. R6d7 Bg4 1-0

[Event "SF Buer 1 - SV Hamm 2"]
[Site "Verbandsklasse, Gruppe 1 2017"]
[Date "2017.10.08"]
[Round "2.5"]
[White "Boelling, Andreas"]
[Black "Andersen, Knut"]
[Result "0-1"]
[WhiteElo "1729"]
[BlackElo "1979"]
[PlyCount "64"]
[EventDate "2017.??.??"]

1. e4 c5 2. Nf3 Nc6 3. d4 cxd4 4. Nxd4 Qb6 5. Nb3 Nf6 6. Nc3 e6 7. Be3 Qc7 8.
a3 Be7 9. Be2 a6 10. O-O b5 11. f4 d6 12. Bf3 Bb7 13. Qd2 O-O 14. Rad1 Rac8 15.
Qf2 Nd7 16. Rd2 Na5 17. Nxa5 Qxa5 18. e5 Bxf3 19. exd6 Bf6 20. Qxf3 Bxc3 21.
bxc3 Rxc3 22. Qf2 Rc6 23. f5 e5 24. Qg3 f6 25. Rf3 Rf7 26. Qe1 Qxa3 27. Qd1 Rc3
28. Re2 Qa2 29. Rh3 Qc4 30. Rf2 Nf8 31. Rd2 Rd7 32. Rd5 Qe4 0-1

[Event "SF Buer 1 - SV Hamm 2"]
[Site "Verbandsklasse, Gruppe 1 2017"]
[Date "2017.10.08"]
[Round "2.6"]
[White "Kreitling, Oliver"]
[Black "Rosentreter, Burkhard"]
[Result "0-1"]
[WhiteElo "1805"]
[BlackElo "1723"]
[PlyCount "62"]
[EventDate "2017.??.??"]

1. d4 d5 2. c4 e6 3. Nc3 Nf6 4. Nf3 Be7 5. Bf4 O-O 6. h3 c6 7. e3 Nbd7 8. cxd5
exd5 9. Bd3 Re8 10. O-O Nf8 11. Ne5 Bd6 12. Bg3 Qc7 13. f4 Bd7 14. Bh4 Be7 15.
f5 Bc8 16. Qf3 N8d7 17. g4 Nxe5 18. dxe5 Nd7 19. f6 Nxe5 20. Qf4 Bd6 21. Qg5 g6
22. Be2 Nd7 23. Rad1 Qb6 24. Bf2 Qxb2 25. Rd3 Ne5 26. Rb1 Qxe2 27. Nxe2 Nf3+
28. Kg2 Nxg5 29. h4 Ne4 30. g5 Nxf2 31. Kxf2 Bf5 0-1

[Event "SF Buer 1 - SV Hamm 2"]
[Site "Verbandsklasse, Gruppe 1 2017"]
[Date "2017.10.08"]
[Round "2.7"]
[White "Brieger, Sebastian"]
[Black "Ebert, Manfred"]
[Result "1/2-1/2"]
[WhiteElo "1670"]
[BlackElo "1900"]
[PlyCount "63"]
[EventDate "2017.??.??"]

1. e4 g6 2. d4 Bg7 3. Nf3 d6 4. h3 Nc6 5. Be3 e5 6. Bb5 Bd7 7. d5 Nce7 8. Bxd7+
Qxd7 9. c4 h6 10. Nc3 f5 11. Qb3 c6 12. Rd1 c5 13. Qc2 b6 14. a3 Nf6 15. Nh2
O-O 16. f3 f4 17. Bf2 g5 18. b4 h5 19. bxc5 bxc5 20. Ke2 g4 21. hxg4 hxg4 22.
Nf1 Rab8 23. Rb1 Rxb1 24. Qxb1 Qc7 25. Nb5 Qb6 26. Qc2 Rb8 27. Nd2 g3 28. Be1
Nd7 29. Kd3 Nc8 30. Nb1 a6 31. N5c3 Kf7 32. Bd2 1/2-1/2

[Event "SF Buer 1 - SV Hamm 2"]
[Site "Verbandsklasse, Gruppe 1 2017"]
[Date "2017.10.08"]
[Round "2.8"]
[White "Seppelfricke, Guido"]
[Black "Ales Garcia, Jose Luis Gabriel"]
[Result "1-0"]
[WhiteElo "1789"]
[BlackElo "1556"]
[PlyCount "75"]
[EventDate "2017.??.??"]

1. e4 c5 2. Nf3 Nc6 3. d4 cxd4 4. Nxd4 Nxd4 5. Qxd4 a6 6. Bc4 e6 7. O-O Qc7 8.
Nd2 b5 9. Bb3 Bb7 10. c3 Ne7 11. Nf3 Nc6 12. Qd3 Ne5 13. Nxe5 Qxe5 14. Bc2 d5
15. exd5 Bd6 16. f4 Qxd5 17. Qxd5 Bxd5 18. Be3 O-O 19. Rad1 Rac8 20. Bb3 Bc5
21. Bxc5 Rxc5 22. Bxd5 Rxd5 23. Rxd5 exd5 24. Rd1 Rd8 25. Kf2 Kf8 26. Ke3 Ke7
27. Kd4 Kd6 28. Re1 Rc8 29. b3 f6 30. f5 Rc7 31. Re6+ Kd7 32. Rxa6 b4 33. cxb4
Ke7 34. Kxd5 Rc2 35. Ra7+ Kf8 36. b5 Rf2 37. g4 Rxh2 38. b6 1-0

[Event "FS Dortmund 1 - SV Rochade Eving 1"]
[Site "Verbandsklasse, Gruppe 1 2017"]
[Date "2017.10.08"]
[Round "2.1"]
[White "Kleibaumhüter, Klaus"]
[Black "Reichmann, Oleg"]
[Result "0-1"]
[WhiteElo "2087"]
[BlackElo "1988"]
[PlyCount "82"]
[EventDate "2017.??.??"]

1. Nf3 d5 2. d4 Nf6 3. c4 e6 4. g3 Be7 5. Bg2 O-O 6. O-O Nbd7 7. Qc2 Ne4 8. Nc3
Ndf6 9. Ne5 Nxc3 10. bxc3 c6 11. Rb1 Qa5 12. Bd2 Qa6 13. Qb3 Ne4 14. Be1 Bf6
15. f3 Nd6 16. e4 Bxe5 17. cxd5 Bf6 18. dxc6 e5 19. dxe5 Bxe5 20. f4 Be6 21.
Qb4 bxc6 22. fxe5 Nc4 23. Qc5 Qxa2 24. Rd1 a5 25. Bf2 Rfc8 26. Ra1 Qb3 27. Rab1
Qa3 28. Qxa3 Nxa3 29. Ra1 Nc4 30. Ra4 Nb2 31. Ra3 a4 32. Rfa1 Rd8 33. Bf1 Rd1
34. Bc5 h6 35. Kf2 Rd2+ 36. Ke1 Rxh2 37. Bg1 Rc2 38. Be2 Rd8 39. Be3 Bb3 40.
Rc1 Rxc1+ 41. Bxc1 Nd3+ 0-1

[Event "FS Dortmund 1 - SV Rochade Eving 1"]
[Site "Verbandsklasse, Gruppe 1 2017"]
[Date "2017.10.08"]
[Round "2.2"]
[White "Khess, Igor"]
[Black "Michalek, Franz"]
[Result "1/2-1/2"]
[WhiteElo "1954"]
[BlackElo "1883"]
[PlyCount "41"]
[EventDate "2017.??.??"]

1. e4 c5 2. Nc3 Nc6 3. g3 g6 4. Bg2 Bg7 5. Nge2 d6 6. d3 Nf6 7. d4 cxd4 8. Nxd4
Bd7 9. Nce2 O-O 10. c3 Qc8 11. h4 h5 12. f3 Ne5 13. b3 Rb8 14. c4 a6 15. a4 Qc5
16. O-O Qc8 17. Kh2 Rd8 18. Bg5 Qc5 19. Qd2 Kh7 20. Rfd1 Qc8 21. Nc3 {(=)}
1/2-1/2

[Event "FS Dortmund 1 - SV Rochade Eving 1"]
[Site "Verbandsklasse, Gruppe 1 2017"]
[Date "2017.10.08"]
[Round "2.3"]
[White "Hornung, Rüdiger"]
[Black "Brendemühl, Bernd"]
[Result "1-0"]
[WhiteElo "1930"]
[BlackElo "1881"]
[PlyCount "81"]
[EventDate "2017.??.??"]

1. e4 c5 2. c3 e6 3. d4 cxd4 4. cxd4 d5 5. exd5 exd5 6. Nf3 Nf6 7. Nc3 Be7 8.
Bb5+ Nc6 9. O-O O-O 10. h3 Qb6 11. Re1 Bb4 12. Bxc6 bxc6 13. a3 Bxc3 14. bxc3
Bf5 15. Ne5 Rfe8 16. Be3 Ne4 17. c4 Rac8 18. Qa4 f6 19. c5 Qc7 20. Nf3 Rb8 21.
Qc2 Qc8 22. Nh4 Bd7 23. Rab1 Qa6 24. a4 Qa5 25. Rec1 g5 26. Nf3 Bf5 27. Rxb8
Rxb8 28. Rb1 Rxb1+ 29. Qxb1 Qxa4 30. Qb8+ Kg7 31. Qc7+ Kf8 32. Qd8+ Kf7 33.
Qc7+ Ke8 34. g4 Bg6 35. Qc8+ Kf7 36. h4 Kg7 37. Qd7+ Kg8 38. Qd8+ Kg7 39. Qe7+
Bf7 40. hxg5 fxg5 41. Ne5 1-0

[Event "FS Dortmund 1 - SV Rochade Eving 1"]
[Site "Verbandsklasse, Gruppe 1 2017"]
[Date "2017.10.08"]
[Round "2.4"]
[White "Grube, Jörg"]
[Black "Pahne, Dirk"]
[Result "0-1"]
[WhiteElo "1814"]
[BlackElo "1909"]
[PlyCount "71"]
[EventDate "2017.??.??"]

1. d4 c5 2. d5 e6 3. c4 exd5 4. cxd5 d6 5. Nf3 g6 6. a4 Bg7 7. Ra3 Ne7 8. e4
Bg4 9. Nc3 Nd7 10. Be2 Bxf3 11. Bxf3 O-O 12. Be2 f5 13. Nb5 Nf6 14. e5 dxe5 15.
d6 Nc6 16. Nc7 Nd4 17. Nxa8 Qxd6 18. Bg5 Ne4 19. Be3 Rxa8 20. O-O Kh8 21. Bxd4
exd4 22. f3 Nf6 23. Bc4 Nd5 24. Re1 Rd8 25. Qb3 Ne3 26. Bd3 Be5 27. h3 Qe7 28.
Re2 Qh4 29. Qe6 Qg3 30. f4 Qxf4 31. Ra1 Qh2+ 32. Kf2 Qxg2+ 33. Ke1 Qd5 34. Qe7
c4 35. Rxe3 dxe3 36. Be2 0-1

[Event "FS Dortmund 1 - SV Rochade Eving 1"]
[Site "Verbandsklasse, Gruppe 1 2017"]
[Date "2017.10.08"]
[Round "2.5"]
[White "Jähnicke, Karl-Heinz"]
[Black "Lauche, Christoph"]
[Result "1-0"]
[WhiteElo "1764"]
[BlackElo "1827"]
[PlyCount "67"]
[EventDate "2017.??.??"]

1. d4 d5 2. c4 e6 3. Nf3 Nf6 4. Nc3 c5 5. e3 Nc6 6. Be2 Be7 7. O-O O-O 8. dxc5
Bxc5 9. Qc2 Qe7 10. Rd1 a6 11. a3 dxc4 12. Bxc4 b5 13. Be2 Bb7 14. b4 Bb6 15.
Bb2 Rac8 16. Qb1 Rfd8 17. Rxd8+ Rxd8 18. Ne4 Nxe4 19. Bd3 Ng5 20. Nxg5 Qxg5 21.
Bxh7+ Kh8 22. Be4 f5 23. Bf3 e5 24. Bxe5 Bxe3 25. Bxg7+ Kxg7 26. fxe3 Qxe3+ 27.
Kh1 Qd4 28. Qf1 Qd7 29. Re1 Nd4 30. Bxb7 Qxb7 31. Qf4 Rd7 32. Qe5+ Kf8 33. Qf6+
Rf7 34. Qh8# 1-0

[Event "FS Dortmund 1 - SV Rochade Eving 1"]
[Site "Verbandsklasse, Gruppe 1 2017"]
[Date "2017.10.08"]
[Round "2.6"]
[White "Jost, Udo"]
[Black "Regber, Karl-Heinz"]
[Result "1-0"]
[WhiteElo "1816"]
[BlackElo "1615"]
[PlyCount "35"]
[EventDate "2017.??.??"]

1. c4 e6 2. Nf3 d5 3. e3 c6 4. a3 g6 5. Nc3 Bg7 6. d4 Nf6 7. Qc2 O-O 8. h4 h5
9. Ng5 Qe7 10. Bd2 e5 11. O-O-O dxc4 12. Bxc4 b5 13. Ba2 a5 14. Qxg6 b4 15.
Nce4 Kh8 16. Bxf7 Rxf7 17. Nxf6 Bf5 18. Nxf7+ 1-0

[Event "FS Dortmund 1 - SV Rochade Eving 1"]
[Site "Verbandsklasse, Gruppe 1 2017"]
[Date "2017.10.08"]
[Round "2"]
[White "Potyrala, Lukasz-Rafal"]
[Black "Krams, Amatus"]
[Result "1-0"]
[WhiteElo "1670"]
[BlackElo "1208"]
[PlyCount "135"]
[EventDate "2017.??.??"]

1. d4 Nf6 2. Nf3 e6 3. Bf4 d5 4. e3 a6 5. Bd3 c5 6. c3 Nc6 7. Nbd2 cxd4 8. exd4
Be7 9. h3 Nh5 10. Be3 Bd7 11. Ne5 Nf6 12. Ndf3 Ne4 13. O-O O-O 14. Nxc6 Bxc6
15. Ne5 f5 16. Bf4 Rc8 17. Qe2 Bg5 18. Bxg5 Qxg5 19. f4 Qf6 20. Kh2 Qh4 {(=)}
21. Rf3 Qe7 22. Rg1 Be8 23. g4 fxg4 24. Nxg4 Bh5 25. Bxe4 dxe4 26. Qxe4 Qd7 27.
Ne5 Bxf3 28. Qxf3 Qe7 29. Rg4 Rf6 30. d5 Rd8 31. c4 exd5 32. Qc3 d4 33. Qd3
Rxf4 34. Rxf4 Qxe5 35. Qg3 Qe3 36. Qh4 Qe2+ 37. Rf2 Qe5+ 38. Kg2 Re8 39. Qg4 d3
40. Qf3 Qg5+ 41. Kh2 Qf6 {(=)} 42. Qd5+ Qe6 43. Qxd3 Qe5+ 44. Qg3 Qxg3+ 45.
Kxg3 Rf8 46. Rd2 Rf7 47. b4 Kf8 48. Rd4 Rc7 49. a4 Ke7 50. Kf4 Rc8 51. Ke3 Rf8
52. b5 axb5 53. axb5 Rf1 54. h4 Re1+ 55. Kf3 Rc1 56. Ke3 Ke6 57. Kd2 Rh1 58. c5
Rf1 59. Kc3 Rf7 60. Kc4 Rc7 61. Rd6+ Ke7 62. h5 Rd7 63. Rb6 Ke8 64. c6 bxc6 65.
bxc6 Rc7 66. Kd5 Kd8 67. Kd6 Kc8 68. Ra6 1-0

[Event "SV Welper 2 - SV Wattenscheid 3"]
[Site "Verbandsklasse, Gruppe 1 2017"]
[Date "2017.10.08"]
[Round "2.1"]
[White "Leveikina, Jevgenija"]
[Black "Marx, Patrick"]
[Result "1/2-1/2"]
[WhiteElo "2035"]
[BlackElo "1953"]
[Annotator "Daniel"]
[PlyCount "81"]
[EventDate "2017.??.??"]

1. d4 d5 2. c4 c6 3. Nf3 Nf6 4. Nbd2 e6 5. Qc2 Nbd7 6. e4 dxe4 7. Nxe4 Nxe4 8.
Qxe4 Nf6 9. Qh4 c5 10. Be3 cxd4 11. O-O-O Qa5 12. Qxd4 Be7 13. Kb1 O-O 14. Bd3
b6 15. Bg5 Bb7 16. Qh4 h6 17. Bd2 Qh5 18. Qxh5 Nxh5 19. Be2 $11 Rfd8 20. Be3
Nf6 21. Kc1 Ng4 22. Rxd8+ Rxd8 23. Rd1 Rxd1+ 24. Kxd1 Nxe3+ 25. fxe3 Bd6 26. g3
Kf8 27. Nd4 Ke7 28. Kd2 Kf6 29. a3 Kg5 30. Ke1 h5 31. Kf2 h4 32. Nf3+ Bxf3 33.
Kxf3 hxg3 34. hxg3 Be5 35. b3 Bb2 36. a4 Kf5 37. Bd3+ $11 Ke5 38. Bc2 Kd6 39.
e4 Bd4 40. g4 Ke5 41. Bd3 1/2-1/2

[Event "SV Welper 2 - SV Wattenscheid 3"]
[Site "Verbandsklasse, Gruppe 1 2017"]
[Date "2017.10.08"]
[Round "2.2"]
[White "Teich, Udo"]
[Black "Wolf, Ulrich"]
[Result "1/2-1/2"]
[WhiteElo "1910"]
[BlackElo "2050"]
[PlyCount "38"]
[EventDate "2017.??.??"]

1. Nf3 c5 2. c4 b6 3. g3 Bb7 4. Bg2 Nf6 5. O-O e6 6. Nc3 d6 7. Re1 a6 8. e4
Nbd7 9. b3 Qc7 10. Bb2 Be7 11. d4 cxd4 12. Nxd4 O-O 13. Rc1 Rac8 14. h3 Qb8 15.
Rc2 Qa8 16. Rce2 Rfd8 17. Kh2 Bf8 18. Qd2 Nc5 19. Nc2 Rc7 1/2-1/2

[Event "SV Welper 2 - SV Wattenscheid 3"]
[Site "Verbandsklasse, Gruppe 1 2017"]
[Date "2017.10.08"]
[Round "2.3"]
[White "Thelen, Thomas"]
[Black "Sharma, Danesh"]
[Result "0-1"]
[WhiteElo "1990"]
[BlackElo "1863"]
[Annotator "Daniel"]
[PlyCount "78"]
[EventDate "2017.??.??"]

1. d4 Nf6 2. c4 g6 3. Nc3 Bg7 4. e4 d6 5. f3 O-O 6. Be3 e5 7. d5 a5 8. Nge2 Ne8
9. Qd2 f5 10. Bg5 Nf6 11. exf5 gxf5 12. Ng3 Qe8 13. Bh6 Bxh6 14. Qxh6 Qg6 15.
Qxg6+ hxg6 16. O-O-O Na6 17. Bd3 Kg7 18. Rhe1 Bd7 19. Bc2 Nc5 20. Nh1 Rh8 21.
h3 Nh5 22. Ne2 b5 23. cxb5 Bxb5 24. Nhg3 Nxg3 25. Nxg3 Kf6 26. Ne2 Bxe2 27.
Rxe2 Rh4 28. b3 a4 29. bxa4 Nxa4 30. Bxa4 Rhxa4 31. Kb1 e4 32. fxe4 $11 fxe4
33. Rf2+ Ke5 34. g4 Rd4 35. Rc1 Rb8+ 36. Rb2 Rxb2+ 37. Kxb2 Kxd5 38. Rxc7 e3
39. Kc2 e2 0-1

[Event "SV Welper 2 - SV Wattenscheid 3"]
[Site "Verbandsklasse, Gruppe 1 2017"]
[Date "2017.10.08"]
[Round "2.4"]
[White "Leimkuehler, Dirk"]
[Black "Sicars, Thorsten"]
[Result "0-1"]
[WhiteElo "1807"]
[BlackElo "1919"]
[PlyCount "38"]
[EventDate "2017.??.??"]

1. f4 g6 2. Nf3 Bg7 3. g3 d6 4. e4 e5 5. d4 exd4 6. Nxd4 Nf6 7. Bg2 O-O 8. O-O
Re8 9. Nc3 c6 10. h3 Qb6 11. Kh2 Nxe4 12. Nxe4 Bxd4 13. c3 Bg7 14. Qxd6 Be6 15.
Qc5 Bd5 16. Qxb6 axb6 17. Nd6 Re2 18. Rg1 Bf8 19. Nxb7 Ra7 0-1

[Event "SV Welper 2 - SV Wattenscheid 3"]
[Site "Verbandsklasse, Gruppe 1 2017"]
[Date "2017.10.08"]
[Round "2.5"]
[White "Zwielich, Frank"]
[Black "Wallhof, Dieter"]
[Result "1/2-1/2"]
[WhiteElo "1949"]
[BlackElo "1858"]
[PlyCount "64"]
[EventDate "2017.??.??"]

1. d4 Nf6 2. Nf3 b6 3. Bg5 Ne4 4. Bh4 Bb7 5. e3 g6 6. Bd3 Bg7 7. c3 Nd6 8. Qc2
c5 9. Nbd2 O-O 10. a3 Ne8 11. b4 d6 12. O-O Nd7 13. e4 Nc7 14. Rfe1 cxd4 15.
cxd4 Ne6 16. e5 dxe5 17. dxe5 Rc8 18. Qb3 g5 19. Bg3 Re8 20. Rad1 Qc7 21. Bf5
Ndf8 22. Ne4 Bxe4 23. Rxe4 Red8 24. Rxd8 Rxd8 25. h4 h6 26. Qe3 Rd1+ 27. Kh2
Qd8 28. hxg5 Rd3 29. Qc1 Rd1 30. Qe3 Rd3 31. Qc1 Rd1 32. Qe3 Rd3 1/2-1/2

[Event "SV Welper 2 - SV Wattenscheid 3"]
[Site "Verbandsklasse, Gruppe 1 2017"]
[Date "2017.10.08"]
[Round "2.6"]
[White "Sharma, Rakesh"]
[Black "Thon, Manfred"]
[Result "1-0"]
[WhiteElo "1858"]
[BlackElo "1864"]
[PlyCount "33"]
[EventDate "2017.??.??"]

1. d4 d5 2. Bg5 g6 3. e3 Bg7 4. Bd3 Nf6 5. Ne2 Nbd7 6. Nbc3 O-O 7. Nf4 c6 8.
Qd2 e5 9. dxe5 Nxe5 10. O-O-O Qa5 11. Bxf6 Bxf6 12. h4 Nxd3+ 13. Nxd3 Bf5 14.
h5 g5 15. h6 b5 16. Kb1 Rad8 17. Nxd5 1-0

[Event "SV Welper 2 - SV Wattenscheid 3"]
[Site "Verbandsklasse, Gruppe 1 2017"]
[Date "2017.10.08"]
[Round "2.7"]
[White "Doehmann, Joerg"]
[Black "Kleff, Tim"]
[Result "0-1"]
[WhiteElo "1744"]
[BlackElo "1770"]
[PlyCount "66"]
[EventDate "2017.??.??"]

1. Nf3 d5 2. d4 Nf6 3. e3 Bf5 4. c4 e6 5. Nc3 Be7 6. Bd3 Bg6 7. O-O O-O 8. b3
Nbd7 9. Bb2 c6 10. Rc1 Rc8 11. Bxg6 hxg6 12. Qd3 Qa5 13. a3 a6 14. b4 dxc4 15.
Qxc4 Qh5 16. e4 g5 17. Qe2 g4 18. Nd2 g6 19. Rfe1 Nh7 20. Rcd1 Rce8 21. Nf1 Ng5
22. Rd3 f5 23. f3 gxf3 24. gxf3 Nh3+ 25. Kh1 Nf4 26. Qc2 Nxd3 27. Qxd3 Nf6 28.
Ng3 Qh4 29. exf5 Bd6 30. Nce4 Nxe4 31. Rxe4 Qh3 32. Rg4 exf5 33. Rxg6+ Kh7 0-1

[Event "SV Welper 2 - SV Wattenscheid 3"]
[Site "Verbandsklasse, Gruppe 1 2017"]
[Date "2017.10.08"]
[Round "2.8"]
[White "Olf, Hans-Helmut"]
[Black "Schlee, Ulrich"]
[Result "1-0"]
[WhiteElo "1991"]
[BlackElo "1694"]
[PlyCount "87"]
[EventDate "2017.??.??"]

1. e4 e5 2. Nf3 Nc6 3. Bb5 a6 4. Bxc6 dxc6 5. d4 exd4 6. Qxd4 Qxd4 7. Nxd4 Bd7
8. Be3 O-O-O 9. Nd2 Nf6 10. f3 c5 11. Ne2 Be7 12. Kf2 Bc6 13. Rad1 b6 14. Nc4
Nd7 15. Nf4 Bg5 16. Nd5 Bxe3+ 17. Ncxe3 g6 18. Ne7+ Kb7 19. Nxc6 Kxc6 20. Rd2
Ne5 21. Rhd1 Rxd2+ 22. Rxd2 Re8 23. f4 Nd7 24. Kf3 g5 25. g3 h5 26. h3 Nf6 27.
e5 Nd7 28. Nd5 Re6 29. c4 b5 30. b3 Nb6 31. Nxb6 cxb6 32. Ke4 gxf4 33. gxf4
bxc4 34. bxc4 b5 35. f5 Re8 36. Rd6+ Kc7 37. Kd5 Kb7 38. e6 fxe6+ 39. fxe6 bxc4
40. Kxc4 Rc8 41. e7 Re8 42. Re6 Kc7 43. Rxa6 Rxe7 44. Ra7+ 1-0

[Event "SG Drewer 1 - DJK Wacker Bergeborbeck 1"]
[Site "Verbandsklasse, Gruppe 1 2017"]
[Date "2017.10.08"]
[Round "2.1"]
[White "Landscheidt, Heinz"]
[Black "Nebel, Jens"]
[Result "1/2-1/2"]
[WhiteElo "1852"]
[BlackElo "2081"]
[PlyCount "42"]
[EventDate "2017.??.??"]

1. d4 Nf6 2. Nf3 c5 3. d5 e6 4. Nc3 exd5 5. Nxd5 Nxd5 6. Qxd5 Be7 7. Bf4 Nc6 8.
e3 O-O 9. c3 Qb6 10. O-O-O d6 11. Qh5 Qa5 12. Bd3 g6 13. Qh6 Qxa2 14. Ng5 Bxg5
15. Bxg5 f5 16. h4 Ne5 17. Be7 Rf7 18. Bb1 Qb3 19. Bc2 Qa2 20. Bb1 Qb3 21. Bc2
Qa2 1/2-1/2

[Event "SG Drewer 1 - DJK Wacker Bergeborbeck 1"]
[Site "Verbandsklasse, Gruppe 1 2017"]
[Date "2017.10.08"]
[Round "2.2"]
[White "Mittmann, Volker"]
[Black "Dahlhaus, Friedhelm"]
[Result "1/2-1/2"]
[WhiteElo "1914"]
[BlackElo "1969"]
[PlyCount "82"]
[EventDate "2017.??.??"]

1. Nf3 d5 2. d4 Nf6 3. e3 c6 4. Bd3 Bg4 5. Nbd2 Nbd7 6. h3 Bh5 7. b3 e6 8. Bb2
Bd6 9. g4 Bg6 10. Ne5 Qa5 11. O-O Bxe5 12. dxe5 Ne4 13. Bxe4 Bxe4 14. f3 Bg6
15. f4 h5 16. f5 Bh7 17. Qe2 hxg4 18. hxg4 Qc7 19. Qh2 O-O-O 20. Qf4 g5 21. Qg3
Nf6 22. Kg2 Ne4 23. Nxe4 dxe4 24. Qf2 Rd7 25. Rad1 Rhd8 26. Rxd7 Qxd7 27. f6 c5
28. Qe2 Bg6 29. Rf2 Qd1 30. a4 Qb1 31. Bc3 Rd1 32. Kg3 b6 33. Rg2 Rg1 34. a5
Kc7 35. Qd2 Kc8 36. Qf2 Rf1 37. Qd2 Rd1 38. Qe2 Rg1 39. Qd2 Qf1 40. Qf2 Rxg2+
41. Qxg2 Qd1 1/2-1/2

[Event "SG Drewer 1 - DJK Wacker Bergeborbeck 1"]
[Site "Verbandsklasse, Gruppe 1 2017"]
[Date "2017.10.08"]
[Round "2.3"]
[White "Grodotzki, Thomas"]
[Black "Arnold, Ulrich"]
[Result "1-0"]
[WhiteElo "1941"]
[BlackElo "1863"]
[PlyCount "53"]
[EventDate "2017.??.??"]

1. e4 e6 2. c4 c5 3. Nc3 Nc6 4. g3 g6 5. Bg2 Bg7 6. Nge2 Nge7 7. O-O d6 8. d3
a6 9. Be3 e5 10. Qd2 O-O 11. Bh6 Be6 12. Bxg7 Kxg7 13. f4 f5 14. b3 Qd7 15. Na4
Qc7 16. fxe5 Nxe5 17. d4 Nd7 18. Nf4 Bf7 19. Nc3 Nf6 20. Rae1 Rad8 21. d5 Rfe8
22. Bh3 h6 23. exf5 Nxf5 24. Bxf5 gxf5 25. Ne6+ Bxe6 26. dxe6 Kg6 27. Nd5 1-0

[Event "SG Drewer 1 - DJK Wacker Bergeborbeck 1"]
[Site "Verbandsklasse, Gruppe 1 2017"]
[Date "2017.10.08"]
[Round "2.4"]
[White "Nebel, Uwe"]
[Black "Mombeck, Michael"]
[Result "0-1"]
[WhiteElo "1843"]
[BlackElo "1970"]
[PlyCount "96"]
[EventDate "2017.??.??"]

1. e4 c5 2. Nc3 Nc6 3. f4 d6 4. Nf3 g6 5. Bb5 Bg7 6. Bxc6+ bxc6 7. O-O e6 8. d3
Ne7 9. Be3 O-O 10. Qe1 f5 11. e5 Nd5 12. exd6 Qxd6 13. Ne5 Nxe3 14. Qxe3 Rb8
15. Rab1 Qd4 16. Qxd4 cxd4 17. Nxc6 Rb6 18. Ne7+ Kf7 19. Nxc8 Rxc8 20. Nd1 Rxc2
21. Rf2 Rbc6 22. a4 a5 23. b4 Rc1 24. Rfb2 Rxb1 25. Rxb1 axb4 26. Nb2 Rc3 27.
a5 Bf8 28. Nc4 Bc5 29. a6 b3 30. Ne5+ Ke8 31. Nc6 Rxd3 32. a7 Bxa7 33. Nxa7 Kd7
34. Rb2 Kd6 35. Nb5+ Kc5 36. Na3 Kb4 37. Nb1 Rc3 38. Nd2 Ka3 39. Rb1 b2 40. Rf1
Rc1 41. Kf2 Ka2 42. Re1 b1=Q 43. Nxb1 Kxb1 44. Rxe6 d3 45. Rd6 Kc2 46. Rc6+ Kd2
47. Rd6 Rc4 48. Ra6 Rxf4+ 0-1

[Event "SG Drewer 1 - DJK Wacker Bergeborbeck 1"]
[Site "Verbandsklasse, Gruppe 1 2017"]
[Date "2017.10.08"]
[Round "2.5"]
[White "Brandhorst, Dieter"]
[Black "Uhlich, Wilfried"]
[Result "1/2-1/2"]
[WhiteElo "1907"]
[BlackElo "1806"]
[PlyCount "58"]
[EventDate "2017.??.??"]

1. e4 c6 2. d4 d5 3. exd5 cxd5 4. Bd3 Nc6 5. c3 Nf6 6. Bf4 Qb6 7. Qc2 g6 8. Nf3
Bf5 9. Bxf5 gxf5 10. Nbd2 Ne4 11. O-O Rc8 12. Qb3 Qxb3 13. Nxb3 f6 14. Rfe1 Kf7
15. Rad1 e6 16. Nbd2 Na5 17. Nxe4 fxe4 18. Nd2 Rc6 19. f3 exf3 20. Nxf3 Bd6 21.
Bxd6 Rxd6 22. b3 Rc8 23. Rd3 Rdc6 24. Ree3 b5 25. Kf2 Nb7 26. Nd2 Nd6 27. Rh3
Kg7 28. Rdg3+ Kh8 29. Rf3 Kg7 1/2-1/2